000 00317nam a22001337a 4500
008 171031b xxu||||| |||| 00| 0 eng d
020 _a9780131860094
041 _aeng
080 _24 ED
_a33
100 _a59
101 _aBUS
245 _aINTERCULTURAL BUSSINESS COMMUNICATION
_cCHANEY.L.H
942 _2udc
_cBK
999 _c36898
_d36898